| 000 | 00720nam a22001935i 4500 | ||
|---|---|---|---|
| 001 | 68370 | ||
| 003 | ES-MaACL | ||
| 005 | 20250929063129.0 | ||
| 007 | t| | ||
| 008 | 960801s1895 sp ||||1| spa d | ||
| 040 |
_aCAM _bspa _cCAM |
||
| 100 | 1 |
_aGarcía de Galdeano, Zoel, _d1846-1924 _954429 |
|
| 245 | 1 | 0 |
_aDiscurso leído en la Universidad de Zaragoza en la solemne apertura del curso académico de 1895 a 1896 [tema: Carácter y trascendencia de las matemáticas] / _cpor Zoel García de Galdeano. |
| 260 |
_aZaragoza : _b[s.n.], _c1895 ( _fImprenta de Calixto Ariño) |
||
| 300 |
_a61 p. ; _c27 cm. |
||
| 650 | 0 | 7 |
_aMatemáticas _2embne _914814 |
| 852 |
_aES-MaACL _jT-776-F-3 |
||
| 999 |
_c68370 _d68370 |
||